Tribhuvan University Central Library

States and minorities; what are their rights and how to secure them in the constitution of free India (Record no. 46187)

MARC details
000 -LEADER
fixed length control field 006780000a22002650004500
082 ## - DEWEY DECIMAL CLASSIFICATION NUMBER
Classification number 305.800954
Item number Am16s
041 ## - LANGUAGE CODE
Language code of text/sound track or separate title Eng
005 - DATE AND TIME OF LATEST TRANSACTION
control field 20120907085605.0
100 ## - MAIN ENTRY--PERSONAL NAME
Personal name Ambedkar, B. R.
245 ## - TITLE STATEMENT
Title States and minorities; what are their rights and how to secure them in the constitution of free India
260 ## - PUBLICATION, DISTRIBUTION, ETC. (IMPRINT)
Place of publication, distribution, etc Lucknow
Name of publisher, distributor, etc Sthavir G. Prajnananda
260 ## - PUBLICATION, DISTRIBUTION, ETC. (IMPRINT)
Date of publication, distribution, etc 1978
300 ## - PHYSICAL DESCRIPTION
Extent 115p.
Other physical details illus.
518 ## - DATE/TIME AND PLACE OF AN EVENT NOTE
Date/time and place of an event note 2008-12-22
530 ## - ADDITIONAL PHYSICAL FORM AVAILABLE NOTE
Additional physical form available note M
536 ## - FUNDING INFORMATION NOTE
Text of note B.R. Mathema
650 ## - SUBJECT ADDED ENTRY--TOPICAL TERM
Topical term or geographic name as entry element Ethnic groups
650 ## - SUBJECT ADDED ENTRY--TOPICAL TERM
Topical term or geographic name as entry element Minority groups
650 ## - SUBJECT ADDED ENTRY--TOPICAL TERM
Topical term or geographic name as entry element Civil rights
650 ## - SUBJECT ADDED ENTRY--TOPICAL TERM
Topical term or geographic name as entry element Constitution
650 ## - SUBJECT ADDED ENTRY--TOPICAL TERM
Topical term or geographic name as entry element Citizens
650 ## - SUBJECT ADDED ENTRY--TOPICAL TERM
Topical term or geographic name as entry element Social groups
651 ## - SUBJECT ADDED ENTRY--GEOGRAPHIC NAME
Geographic name India
942 ## - ADDED ENTRY ELEMENTS (KOHA)
Koha item type General Collections
Holdings
Withdrawn status Lost status Source of classification or shelving scheme Damaged status Not for loan Home library Current library Shelving location Date acquired Total Checkouts Full call number Barcode Date last seen Price effective from Koha item type
    Dewey Decimal Classification     Tribhuvan University Central Library Tribhuvan University Central Library New Building 06/20/2010   305.800954 Am16s G68631 06/20/2010 06/20/2010 General Collections